[Event "Klatovy op-C 29th"]
[Site "Klatovy"]
[Date "2023.07.08"]
[Round "8"]
[White "Nussbauer, Ladislav"]
[Black "Novotny, Jaromir"]
[Result "1/2-1/2"]
[WhiteElo "1516"]
[BlackElo "1681"]
[PlyCount "68"]
[EventDate "2023.07.01"]
[EventType "swiss"]
[EventRounds "9"]
[EventCountry "CZE"]
[SourceTitle "CBM 215 Extra"]
[Source "ChessBase"]
[SourceDate "2023.09.30"]
[SourceVersion "1"]
[SourceVersionDate "2023.09.30"]
[SourceQuality "1"]

1. d4 Nf6 2. c4 e5 3. dxe5 Ne4 4. Nf3 b6 5. e3 Nc6 6. Nbd2 Bb4 7. a3 Nxd2 8. Bxd2 Bxd2+ 9. Qxd2 Qe7 10. Be2 Nxe5 11. Qd4 d6 12. Qe4 Nxf3+ 13. Bxf3 Qxe4 14. Bxe4 Rb8 15. Ke2 Be6 16. Rac1 c5 17. Rhd1 Ke7 18. b4 Rhc8 19. b5 Rc7 20. Kd3 g6 21. Kc3 Rd8 22. Rd2 Bc8 23. Bd5 Bb7 24. e4 Bxd5 25. exd5 Kf8 26. Re1 Re8 27. Rde2 Rce7 28. Kd3 Rxe2 29. Rxe2 Rxe2 30. Kxe2 Ke7 31. Ke3 f5 32. f4 Kf6 33. h4 h5 34. g3 Kf7 1/2-1/2

[Event "Klatovy op-C 29th"]
[Site "Klatovy"]
[Date "2023.07.07"]
[Round "7"]
[White "Vyskocil, Vladimir"]
[Black "Nussbauer, Ladislav"]
[Result "0-1"]
[WhiteElo "1735"]
[BlackElo "1516"]
[PlyCount "104"]
[EventDate "2023.07.01"]
[EventType "swiss"]
[EventRounds "9"]
[EventCountry "CZE"]
[SourceTitle "CBM 215 Extra"]
[Source "ChessBase"]
[SourceDate "2023.09.30"]
[SourceVersion "1"]
[SourceVersionDate "2023.09.30"]
[SourceQuality "1"]

1. e4 e6 2. d4 d5 3. exd5 exd5 4. Nf3 Bd6 5. Nc3 Ne7 6. Bg5 f6 7. Be3 0-0 8. Bd3 c6 9. Qd2 Re8 10. Ne2 a5 11. Bf4 Bf5 12. 0-0-0 Qc7 13. Bxd6 Qxd6 14. Ng3 Bxd3 15. Qxd3 Ng6 16. Nf5 Qf8 17. g3 Nd7 18. h4 Re6 19. h5 Ne7 20. g4 Re8 21. Ne3 Nc8 22. Rde1 Nd6 23. Nd2 R8e7 24. Ng2 Qe8 25. Kd1 Nb6 26. b3 a4 27. Rxe6 Rxe6 28. Re1 axb3 29. axb3 Nbc8 30. Rxe6 Qxe6 31. Qe2 Kf7 32. Qxe6+ Kxe6 33. Nf4+ Kd7 34. Ke2 Ne7 35. Kd3 f5 36. g5 Ne4 37. Nxe4 fxe4+ 38. Ke2 Nf5 39. c3 Kd6 40. f3 h6 41. gxh6 gxh6 42. Kf2 b6 43. Ng6 e3+ 44. Ke2 Ke6 45. Nf4+ Kf6 46. Ng2 Kg5 47. Nxe3 Nxe3 48. Kxe3 Kxh5 49. Kf4 Kg6 50. c4 h5 51. Kg3 Kg5 52. cxd5 cxd5 0-1

[Event "Klatovy op-C 29th"]
[Site "Klatovy"]
[Date "2023.07.06"]
[Round "6"]
[White "Nussbauer, Ladislav"]
[Black "Prachar, Josef"]
[Result "1/2-1/2"]
[WhiteElo "1516"]
[BlackElo "1732"]
[PlyCount "86"]
[EventDate "2023.07.01"]
[EventType "swiss"]
[EventRounds "9"]
[EventCountry "CZE"]
[SourceTitle "CBM 215 Extra"]
[Source "ChessBase"]
[SourceDate "2023.09.30"]
[SourceVersion "1"]
[SourceVersionDate "2023.09.30"]
[SourceQuality "1"]

1. d4 Nf6 2. c4 e6 3. Nc3 Bb4 4. e3 0-0 5. a3 Bxc3+ 6. bxc3 c5 7. Bd3 d6 8. Ne2 e5 9. 0-0 e4 10. Bc2 Bg4 11. Qd2 Nbd7 12. h3 Bh5 13. Ng3 Bg6 14. f3 exf3 15. Rxf3 Nh5 16. Qe2 Nxg3 17. Rxg3 Nf6 18. Bxg6 hxg6 19. e4 Nh5 20. Rd3 Qh4 21. g4 Nf6 22. Bf4 Ne8 23. Qe3 Qe7 24. Re1 cxd4 25. cxd4 Qe6 26. d5 Qc8 27. Rc3 b6 28. e5 dxe5 29. Bxe5 Nf6 30. Qd4 Re8 31. Rce3 Qc5 32. Kf2 Nd7 33. Bxg7 Rxe3 34. Rxe3 Qxd4 35. Bxd4 Kf8 36. h4 Rc8 37. Rc3 Nc5 38. Bxc5+ Rxc5 39. Ke3 Ke7 40. Kf4 Kd6 41. Ke4 b5 42. Kd4 bxc4 43. Rxc4 Rxd5+ 1/2-1/2